|
|
|
|
| LEADER |
00000nta a2200000 i 4500 |
| 001 |
dolg6054 |
| 005 |
20160715124716.0 |
| 008 |
160513suuuu hu om 000 hun d |
| 040 |
|
|
|a BGE Dolgozattár Repozitórium
|b hun
|
| 041 |
|
|
|a hu
|
| 100 |
1 |
|
|a Péterffy György László
|
| 245 |
1 |
0 |
|a Egyházi iskolák Magyarországon a XX-XXI. században
|c Péterffy György László
|h [elektronikus dokumentum]
|
| 246 |
1 |
1 |
|a Egyházi iskolák Magyarországon a XX-XXI. században
|
| 695 |
|
|
|a egyházi intézmény
|
| 695 |
|
|
|a egyházi oktatás
|
| 700 |
1 |
|
|a Farkas dr. Julianna
|e ths
|
| 856 |
4 |
0 |
|u http://dolgozattar.uni-bge.hu/6054/1/Egyh%C3%A1zi%20iskol%C3%A1k%20Magyarorsz%C3%A1gon%20a%20XX-XXI.%20sz%C3%A1zadban1%20%281%29.pdf
|z Dokumentum-elérés
|